00556nam a22001457a 4500003000400000005001700004008004100021040001400062100002200076245014300098260000900241300003000250500009700280504003300377OSt20171010095519.0120816t xxu||||| |||| 00| 0 eng d aMMSUcULS aFelipe, Efren M.  aThe Mariano Marcos State University-Information and Technology Caravan (MMSU-ITC) as an extension strategy: a case study cEfren M. Felipe c2004 axvii, 147 leaves c28 cm. aThesis (MS Rural Development) --Mariano Marcos State University-Graduate School, Laoag City  aBibliography: leaves 104-109